Online Catalogue and eLibrary

Love meets wisdom : (Record no. 832)

MARC details
000 -LEADER
fixed length control field 00453nam a2200169Ia 4500
005 - DATE AND TIME OF LATEST TRANSACTION
control field 20240719025631.0
008 - FIXED-LENGTH DATA ELEMENTS--GENERAL INFORMATION
fixed length control field 240331s9999 xx 000 0 und d
020 ## - INTERNATIONAL STANDARD BOOK NUMBER
ISBN 0883443716
082 ## - DDC Classification
Class No. 261.2
Item Number - Author Mark PIE
100 ## - MAIN ENTRY--PERSONAL NAME
Personal name Pieris S.J, A
245 #0 - TITLE STATEMENT
Title Love meets wisdom :
Remainder of title a Christian experience of Buddism
260 ## - PUBLICATION, DISTRIBUTION, ETC.
Place of publication, distribution, etc. Colombo
Name of publisher, distributor, etc. Centre for Society and Religion
Date of publication, distribution, etc. 1989
300 ## - PHYSICAL DESCRIPTION
Extent (e.g. Volumes, Pages etc.) xii, 161 p .,
650 ## - SUBJECT ADDED ENTRY--TOPICAL TERM
Topical term or geographic name entry element Christianity
650 ## - SUBJECT ADDED ENTRY--TOPICAL TERM
Topical term or geographic name entry element Buddhism
942 ## - Koha item type (Biblio)
Koha item type Books in Stacks (Lending)
Holdings
Lost status Damaged status Collection code Home library Current library Shelving location Date acquired Full call number Accession Number Item type
    Lending WERC Library WERC Library Social Science Cupboard 03/31/2024 261.2 PIE 242 Books in Stacks (Lending)

© WERC Library